{"text_format":"3","workbook":"xlsx","n_sheets":1,"sheets":["Hoja1"],"not_rendered":{"images":1},"read":"whole","date_system":"1900"}

{"sheet":"Hoja1","index":0,"n_rows":73,"n_cols":5,"rows_kept":73,"merged":[[2,0,2,4]]}
[]
[null,"SERVICIO NACIONAL DE SALUD"]
["Informe Mensual de Despensa"]
["   HOSPITAL MUNICIPAL FANTINO REGION __VIII"]
["AREA DE SALUD                                         AL 31 OCTUBRE  AÑO  2025                                         "]
["ARTICULO","UNIDAD","EXISTENCIA FINAL","VALOR UNITARIO","VALOR TOTAL (6x7)"]
["-1-",-2,"-5-","-7-","-8-"]
["ARROZ","LIBRAS",90,{"v":35.6,"d":"35.60"},{"$f":"C8*D8","v":{"v":3204,"d":"3,204.00"}}]
["ACEITE  CRISOL","GALON",2,{"v":600,"d":"600.00"},{"$f":"C9*D9","v":{"v":1200,"d":"1,200.00"}}]
["AGUA EN GARRAFONES","BOTELLONES",10,{"v":45,"d":"45.00"},{"v":450,"d":"450.00"}]
["AJO","LIBRAS",3,{"v":220,"d":"220.00"},{"v":660,"d":"660.00"}]
["ANIZ","LIBRAS",2,{"v":190,"d":"190.00"},{"v":380,"d":"380.00"}]
["AVENA ENTERA","FUNDAS",9,{"v":90,"d":"90.00"},{"v":810,"d":"810.00"}]
["AZUCAR CREMA","LIBRAS",58,26.88,{"v":1559.04,"d":"1,559.04"}]
["BACALAO","LIBRAS",3,{"v":175,"d":"175.00"},{"v":525,"d":"525.00"}]
["CARNE POLLO","LIBRAS",16,{"v":90,"d":"90.00"},{"v":1440,"d":"1,440.00"}]
["CANELA","LIBRAS",1,{"v":210,"d":"210.00"},{"v":210,"d":"210.00"}]
["CEBOLLA","LIBRAS",6,{"v":65,"d":"65.00"},{"v":390,"d":"390.00"}]
["CODITOS DE 1 LIB.","UNIDAD",3,{"v":40,"d":"40.00"},{"v":120,"d":"120.00"}]
["FIDEOS DE 1 LIB.","UNIDAD",12,{"v":40,"d":"40.00"},{"v":480,"d":"480.00"}]
["GALLETA SODA","UNIDAD",380,{"v":7.7,"d":"7.70"},{"v":2926,"d":"2,926.00"}]
["GELATINA","UNIDAD DE 3 OZ",5,{"v":30,"d":"30.00"},{"v":150,"d":"150.00"}]
["GUANDULES","LATAS DE 15 OZ ",8,{"v":90,"d":"90.00"},{"v":720,"d":"720.00"}]
["HABAS","LIBRAS",3,{"v":55,"d":"55.00"},{"v":165,"d":"165.00"}]
["HUEVOS","UNIDAD",140,{"v":7,"d":"7.00"},{"v":980,"d":"980.00"}]
["REPOLLO","UNIDAD",1,{"v":150,"d":"150.00"},{"v":150,"d":"150.00"}]
["JAMON MUSLO DE PAVO","LIBRAS",15,{"v":290,"d":"290.00"},{"v":4350,"d":"4,350.00"}]
["JUGO SANTAL","LITRO",36,{"v":19.3,"d":"19.30"},{"v":694.8000000000001,"d":"694.80"}]
["LECHE EN POLVO","LIBRAS",4,{"v":220,"d":"220.00"},{"v":880,"d":"880.00"}]
["LECHE RICA DESCREMADA","UNIDAD",0,{"v":85,"d":"85.00"},{"v":0,"d":"0.00"}]
["MAIZ DULCE ","LATAS DE 15 OZ ",5,{"v":75,"d":"75.00"},{"v":375,"d":"375.00"}]
["MARGARINA FLORA"," LIB.",7,{"v":100,"d":"100.00"},{"v":700,"d":"700.00"}]
["MAYONESA BALDON ","GALON",1,{"v":680,"d":"680.00"},{"v":680,"d":"680.00"}]
["OREGANO","Libra",1,{"v":130,"d":"130.00"},{"v":130,"d":"130.00"}]
["PAPAS","LIBRAS",18,{"v":45,"d":"45.00"},{"v":810,"d":"810.00"}]
["QUESO MOSARELA","LIBRAS",15,{"v":225,"d":"225.00"},{"v":3375,"d":"3,375.00"}]
["SAL MOLIDA","LIBRAS",6,8.47,{"v":50.82000000000001,"d":"50.82"}]
["SALAMI","LIBRAS",0,{"v":425,"d":"425.00"},{"v":0,"d":"0.00"}]
["VINAGRE","GALON",8,{"v":135,"d":"135.00"},{"v":1080,"d":"1,080.00"}]
["YOGOURT","GALON",2,{"v":340,"d":"340.00"},{"v":680,"d":"680.00"}]
["TOMATES","LIBRAS",10,{"v":75,"d":"75.00"},{"v":750,"d":"750.00"}]
["AJIES VERDE Y MORRON","LIBRAS",12,{"v":130,"d":"130.00"},{"v":1560,"d":"1,560.00"}]
["BERENJENA ","UNIDAD",0,{"v":38,"d":"38.00"},{"v":0,"d":"0.00"}]
["CILANTRICO","PAQUETES",2,{"v":120,"d":"120.00"},{"v":240,"d":"240.00"}]
["AUYAMA","LIBRAS",8,{"v":30,"d":"30.00"},{"v":240,"d":"240.00"}]
["PLATANO","UNIDAD",98,{"v":6,"d":"6.00"},{"v":588,"d":"588.00"}]
["ZANAHORIAS","LIBRAS",3,{"v":55,"d":"55.00"},{"v":165,"d":"165.00"}]
["VASOS PARA CAFÉ # 3","PAQUETES",3,46.67,140.01]
["VASOS  # 7","PAQUETES",98,{"v":45,"d":"45.00"},{"v":4410,"d":"4,410.00"}]
["VASOS  # 10","PAQUETES",32,{"v":84,"d":"84.00"},{"v":2688,"d":"2,688.00"}]
["VASOS Y TAPAS","UNIODAD",6,{"v":18,"d":"18.00"},{"v":168,"d":"168.00"}]
["PLATOS HIGIENICOS","PAQUETES",3,{"v":76,"d":"76.00"},{"v":228,"d":"228.00"}]
["FOSFOROS RELAMPAGO","CAJITAS",170,{"v":4.5,"d":"4.50"},{"v":765,"d":"765.00"}]
["SERVILLETAS PAQUETES","UNIDAD",8,{"v":92,"d":"92.00"},{"v":736,"d":"736.00"}]
["PAPEL PVC","UNIDAD",2,{"v":950,"d":"950.00"},{"v":1900,"d":"1,900.00"}]
["CAFÉ POR SOBRES","UNIDAD",36,{"v":22.5,"d":"22.50"},{"v":810,"d":"810.00"}]
["CUCHARAS PLASTICAS","PAQUETES",22,{"v":45,"d":"45.00"},{"v":990,"d":"990.00"}]
["PLATOS HONDO ","PAQUETES",1,{"v":65,"d":"65.00"},{"v":65,"d":"65.00"}]
["HABICHUELA ROJAS","LIBRAS",5,{"v":78,"d":"78.00"},{"v":390,"d":"390.00"}]
["HARINA DEL NEGRITO","CAJA",3,{"v":135,"d":"135.00"},{"v":405,"d":"405.00"}]
["HABICHUELAS NEGRAS","LIBRAS",12,{"v":55,"d":"55.00"},{"v":660,"d":"660.00"}]
["GUINEOS VERDES","UNIDAD",45,{"v":3,"d":"3.00"},{"v":135,"d":"135.00"}]
["COCOA","LIBRAS",5,{"v":175,"d":"175.00"},{"v":875,"d":"875.00"}]
["HABICHUELAS BLANCAS","LIBRAS",2,{"v":70,"d":"70.00"},{"v":140,"d":"140.00"}]
["CHULETA","LIBRAS",10,{"v":130,"d":"130.00"},{"v":1300,"d":"1,300.00"}]
["YUCA","LIBRAS",10,{"v":36,"d":"36.00"},{"v":360,"d":"360.00"}]
["MAIZENA ","UNIDAD",2,{"v":130,"d":"130.00"},{"v":260,"d":"260.00"}]
["ESPIRALES EN COLORES","UNIDAD ",2,{"v":40,"d":"40.00"},{"v":80,"d":"80.00"}]
["CUBIERTO","PAQUETES",78,35,{"v":2730,"d":"2,730.00"}]
["HABICHUELA NEGRA","LIBRA",2,{"v":70,"d":"70.00"},{"v":140,"d":"140.00"}]
[{"$nulls":4},{"$f":"SUM(E8:E70)","v":{"v":54242.670000000006,"d":"54,242.67"}}]
[]
["DIRECTOR ","ENC DESPENSA ",null,"ADMINISTRADOR"]